000 00548nam a22002297a 4500
003 UA-OsUOA
001 22031
007 ta
008 20031216b un ||||| |||| 00| 0 ukr d
090 _a008
_bХ98
942 _cBK
040 _aUA-OsUOA
_brus
_cUA-OsUOA
_dUA-OsUOA
245 _aХудожественная культура: понятия и термины
300 _a208 с.
955 _a0
041 _arus
080 _a008
260 _aМосква
_bЗнание
_c1978
044 _aRU
650 7 _2UDC
999 _c308244
_d308244